Biblioteca

La vocación de los intelectuales en la Iglesia (Registro nro. 69909)

Detalles MARC
000 -LÍDER
Campo fijo de descripción fija 01677nab a2200229 i 4500
001 - NÚMERO DE CONTROL
Campo de control 768714001
003 - IDENTIFICADOR DEL NÚMERO DE CONTROL
Campo de control CO-MdFUSB
005 - FECHA Y HORA DE LA ULTIMA TRANSACCIÓN
control field 20240524120550.0
008 - ELEMENTOS DE LONGITUD FIJA -- INFORMACIÓN GENERAL
Campo fijo de descripción fija -- Información general 240524t1975 sp ||||| |||| 00| 0 spa d
040 ## - FUENTE DE CATALOGACIÓN
Idioma de catalogación spa
Agencia que realiza la transcripción CO-MdFUSB
Agencia que realiza la modificación CO-MdFUSB
041 ## - CÓDIGO DE IDIOMA
Código de idioma para texto/pista de sonido o título separado spa
100 ## - ASIENTO PRINCIPAL--NOMBRE PERSONAL
Nombre personal Baum, Gregory,
Fechas asociadas con el nombre 1923-2017 ‎
Término relacionador autor
245 #3 - TÍTULO
Título La vocación de los intelectuales en la Iglesia
Mención de responsabilidad / Gregory Baum ; traducido por Jesús valiente Malla
520 ## - NOTA DE RESUMEN, ETC.
Nota de sumario, etc. Para comprender desde un punto de vista teológico la vocación de los intelectuales en la Iglesia podemos elegir el camino de la reflexión sobre la naturaleza misma de la religión cristiana. Dado que el cristianismo, al igual que el judaísmo, se basa en unos acontecimientos históricos que están consignados en una serie de Escrituras normativas, la práctica de la religión exige una lectura y un manejo cuidadosos de esos textos, unos medios sistemáticos para interpretarlos y diversas técnicas para trasladar el mensaje de los textos antiguos a la comunidad de fe contemporánea, de forma que aporten una respuesta a los interrogantes actuales. La misma naturaleza del cristianismo, por consiguiente, exige que determinados grupos de personas dediquen todas sus energías a las tareas intelectuales.
650 #7 - ASIENTO SECUNDARIO DE MATERIA - TERMINO TEMÁTICO
Término temático o nombre geográfico como elemento de entrada Religión
9 (RLIN) 385
650 #0 - ASIENTO SECUNDARIO DE MATERIA - TERMINO TEMÁTICO
Término temático o nombre geográfico como elemento de entrada Hermeneútica
Subdivisión general Aspectos religiosos
-- Cristianismo.
9 (RLIN) 1682
650 #7 - ASIENTO SECUNDARIO DE MATERIA - TERMINO TEMÁTICO
Término temático o nombre geográfico como elemento de entrada Iglesia
9 (RLIN) 655
700 ## - ENTR. SECUNDARIA - Nombre Personal (R)
Nombre de persona Valiente Malla, Jesús,
Término indicativo de función traductor
773 0# - ASIENTO DE ITEM FUENTE
Biblionumber 49450
Itemnumber 82682
Otro identificador del ítem R2591
Título Revista internacional de teología Concilium
Número de control del registro (CO-MdFUSB)8
Número Internacional Normalizado para Publicaciones Seriadas (ISSN) 0210-1041
Parte(s) relacionada(s) / Volumen., número. (mes año), páginas Volumen 101, (enero, 1975) páginas: 25 - 36
Enumeración y primera página páginas: 25
942 ## - TIPO DE MATERIAL (KOHA)
Tipo de Item KOHA Artículos de Revista
945 ## - INFORMACIÓN LOCAL DEL REGISTRO
Catalogador Catherine Arias Álvarez - Practicante SENA

No hay ítems disponibles.

Biblioteca FUSBC | Teléfono: (57+4) 349 88 10 Ext. 141| WhatsApp (+57) 3005338115 
E-mail: biblioteca@unisbc.edu.co | Calle 76 87-14 Robledo Palenque, Medellín, Colombia

Con tecnología Koha